Write the Alphabet Backwards in 30 Seconds - Statistics

General Stats
  • This quiz has been taken 31 times
    24 since last reset
  • The average score is 21 of 26
Answer Stats
Letter % Correct
Y
100%
Z
100%
W
95%
X
95%
Q
90%
R
90%
V
90%
M
85%
N
85%
O
85%
P
85%
S
85%
T
85%
U
85%
J
80%
K
80%
L
80%
H
75%
I
75%
A
70%
B
70%
C
70%
D
70%
E
70%
F
70%
G
70%
No matching quizzes found
Score Distribution
Percent of People with Each Score
Percentile by Number Answered
Your Score History
You have not taken this quiz since the last reset